| 000 | 00456pab a2200157 454500 | ||
|---|---|---|---|
| 008 | 180718b2013 xxu||||| |||| 00| 0 eng d | ||
| 100 | _aKorobilis, Dimitris | ||
| 245 | _aAssessing the transmission of monetary policy using time-varying parameter dynamic factor models | ||
| 260 | _c2013 | ||
| 300 | _ap.157-179. | ||
| 362 | _aApr | ||
| 650 | _aMonetary policy | ||
| 773 | _aOxford Bulletin of Economics and Statistics | ||
| 908 | _aN | ||
| 909 | _a99767 | ||
| 999 |
_c99766 _d99766 |
||